Лавинная ударная ионизация диэлектриков под действием мощных наносекундных электронных пучков; Тезисы докладов 20 Всесоюзной конференции по эмиссионной электронике (Киев, 17-19 ноября, 1987); Т. 2

Bibliografiset tiedot
Parent link:Тезисы докладов 20 Всесоюзной конференции по эмиссионной электронике (Киев, 17-19 ноября, 1987)
Т. 2.— 1987.— С. 119
Päätekijä: Олешко В. И.
Muut tekijät: Штанько В Ф.
Kieli:venäjä
Julkaistu: 1987
Aiheet:
Aineistotyyppi: Kirjan osa
KOHA link:https://koha.lib.tpu.ru/cgi-bin/koha/opac-detail.pl?biblionumber=594969

MARC

LEADER 00000naa0a2200000 4500
001 594969
005 20250220133536.0
035 |a (RuTPU)RU\TPU\tpu\12331 
090 |a 594969 
100 |a 20050610d1987 k y0rusy50 ca 
101 0 |a rus 
102 |a RU 
200 1 |a Лавинная ударная ионизация диэлектриков под действием мощных наносекундных электронных пучков  |f В. И. Олешко, В Ф. Штанько 
461 |t Тезисы докладов 20 Всесоюзной конференции по эмиссионной электронике (Киев, 17-19 ноября, 1987) 
463 |t Т. 2  |v С. 119  |d 1987 
610 1 |a наносекундные электронные пучки 
610 1 |a ударная ионизация 
610 1 |a диэлектрики 
610 1 |a лавинная ионизация 
610 1 |a труды учёных ТПУ 
700 1 |a Олешко  |b В. И. 
701 1 |a Штанько  |b В Ф. 
801 1 |a RU  |b 63413507  |c 20050610  |g PSBO 
801 2 |a RU  |b 63413507  |c 20100427  |g RCR 
942 |c BK